000 00212nam a2200097Ia 4500
008 220204s9999 xx 000 0 und d
082 _a82-3
_bSAI
100 _aSailor, Charles
245 0 _aSecond son
942 _cBK
999 _c37432
_d37432